logo

Bir Sreshtho Munshi Abdur Rouf Library
Jhenaidah Cadet College

It's all about service : (Record no. 5551)

MARC details
000 -LEADER
fixed length control field 01448cam a22003494a 4500
001 - CONTROL NUMBER
JCCL Control Number 5551
003 - CONTROL NUMBER IDENTIFIER
JCCL marc code BD-JhCC
005 - DATE AND TIME OF LATEST TRANSACTION
control field 20171218095118.0
008 - FIXED-LENGTH DATA ELEMENTS--GENERAL INFORMATION
fixed length control field 041123s2005 nju 001 0 eng
020 ## - INTERNATIONAL STANDARD BOOK NUMBER
International Standard Book Number 0471716758 (cloth)
035 ## - SYSTEM CONTROL NUMBER
system control number (BD-JhCC)5551
040 ## - CATALOGING SOURCE
Original cataloging agency DLC
Transcribing agency DLC
Modifying agency DLC
041 ## - LANGUAGE CODE
Language code of Book eng
050 00 - LIBRARY OF CONGRESS CALL NUMBER
Classification number HF5415.5
Item number .P45 2005
082 00 - DEWEY DECIMAL CLASSIFICATION NUMBER
Classification number 658.8/12
DDC Edition number 22
Author mark and Year PEL 2005
100 1# - MAIN ENTRY--PERSONAL NAME
Personal name Pelletier, Ray,
Dates associated with a name 1948-
245 10 - TITLE STATEMENT
Title It's all about service :
Remainder of title how to lead your people to care for your customers /
Statement of responsibility, etc Ray Pelletier.
260 ## - PUBLICATION, DISTRIBUTION, ETC. (IMPRINT)
Place of publication, distribution, etc Hoboken, N.J. :
Name of publisher, distributor, etc John Wiley & Sons, Inc.,
Date of publication, distribution, etc c2005.
300 ## - PHYSICAL DESCRIPTION
Pagination xxiv, 232 p. ;
Dimensions 24 cm.
500 ## - GENERAL NOTE
General note Includes index.
505 0# - FORMATTED CONTENTS NOTE
Formatted contents note It's all about trust -- The power of vision crafting -- Generating enthusiasm -- No one whistles a symphony-it takes an orchestra to play it -- Character -- Conflict management -- Competition -- The art of coaching -- Listening -- Caring.
650 #0 - SUBJECT ADDED ENTRY--TOPICAL TERM
Topical term or geographic name as entry element Customer relations.
650 #0 - SUBJECT ADDED ENTRY--TOPICAL TERM
Topical term or geographic name as entry element Interpersonal relations.
650 #0 - SUBJECT ADDED ENTRY--TOPICAL TERM
Topical term or geographic name as entry element Leadership.
650 #0 - SUBJECT ADDED ENTRY--TOPICAL TERM
Topical term or geographic name as entry element Teams in the workplace.
650 #0 - SUBJECT ADDED ENTRY--TOPICAL TERM
Topical term or geographic name as entry element Employee empowerment.
856 41 - ELECTRONIC LOCATION AND ACCESS
Materials specified Table of contents only
Uniform Resource Identifier http://www.loc.gov/catdir/toc/ecip054/2004027960.html
856 42 - ELECTRONIC LOCATION AND ACCESS
Materials specified Contributor biographical information
Uniform Resource Identifier http://www.loc.gov/catdir/enhancements/fy0617/2004027960-b.html
856 42 - ELECTRONIC LOCATION AND ACCESS
Materials specified Publisher description
Uniform Resource Identifier http://www.loc.gov/catdir/enhancements/fy0617/2004027960-d.html
942 ## - ADDED ENTRY ELEMENTS (KOHA)
Source of classification or shelving scheme Dewey Decimal Classification
Koha item type Books
Holdings
Source of classification or shelving scheme Damaged status Not for loan Home library Current library Shelving location Total Checkouts Full call number Barcode Date last seen Copy number Koha item type
Dewey Decimal Classification     JCC Rouf Library JCC Rouf Library General Stacks   658.8/12 PEL 2005 7790 12/18/2017 C - 1 Books

JCC Library | Contacts | JCC Home

Last Update on 23 September 2017
Copyright @ 2017-2020 JCC Rouf Library
Rouf Library, Jhenidah Cadet College (JCC), Bangladesh